[Event "Box Hill op"]
[Site "Box Hill"]
[Date "2001.09.14"]
[Round "2.26"]
[White "Lee, Melissa"]
[Black "Parker, Derek"]
[Result "1/2-1/2"]
[WhiteElo "1150"]
[BlackElo "1582"]
[PlyCount "39"]
[EventDate "2001.09.??"]
[EventType "swiss"]
[EventRounds "7"]
[EventCountry "AUS"]
[SourceTitle "EXT 2003"]
[Source "ChessBase"]
[SourceDate "2002.11.25"]
[SourceVersion "1"]
[SourceVersionDate "2002.11.25"]
[SourceQuality "1"]

1. e4 Nf6 2. e5 Nd5 3. d4 e6 4. Nf3 Be7 5. Bc4 c6 6. 0-0 b5 7. Bxd5 cxd5 8. Re1 Nc6 9. a3 f6 10. Nc3 a6 11. Ne2 fxe5 12. dxe5 0-0 13. Ng3 Qe8 14. Qd3 b4 15. a4 a5 16. Bg5 Ba6 17. Qd2 Bc5 18. Be3 Be7 19. Bg5 Bc5 20. Be3 1/2-1/2